20 joueurs portugais avec la plus grosse valeur marchande - Statistiques

Statistiques générales
  • Ce quiz a été pris 50 fois
  • Le résultat moyen est 12 sur 20
Statistiques - réponses
Rang Club Age Valeur marchande Réponse % Correct
3 PSG 23 70,00 millions Nuno Mendes
100%
1 PSG 25 80,00 millions Vitinha
100%
2 PSG 20 80,00 millions Joao Neves
98%
5 Man United 31 50,00 millions Bruno Fernandes
96%
4 Man City 28 65,00 millions Ruben Dias
91%
16 Al Hilal 28 25,00 millions Ruben Neves
91%
9 PSG 24 40,00 millions Gonçalo Ramos
87%
10 Man City 31 38,00 millions Bernardo Silva
83%
12 Benfica 21 32,00 millions Antonio Silva
70%
20 Al Hilal 31 15,00 millions Joao Cancelo
70%
6 Chelsea 25 50,00 millions Pedro Neto
70%
19 Al Nassr 25 20,00 millions Joao Felix
53%
15 Juventus 22 28,00 millions Francisco Conceicao
47%
8 Porto 25 40,00 millions Diogo Costa
43%
11 Sporting 25 35,00 millions Francisco Trincao
28%
13 Tottenham 30 30,00 millions Joao Palhinha
28%
17 Lazio 25 25,00 millions Nuno Tavares
26%
14 Sporting 27 30,00 millions Pedro Gonçalves
23%
7 Sporting 24 45,00 millions Gonçalo Inacio
17%
18 Villarreal 22 25,00 millions Renato Veiga
17%
Aucun quiz correspondant
Distribution des résultats
% des personnes avec chaque résultat
Percentile par nombre de réponses
Votre historique - résultats
Vous n’avez pas pris ce quiz